<?xml version="1.0" encoding="UTF-8"?>
<collection xmlns="http://www.loc.gov/MARC21/slim">
 <record>
  <leader>00959pamaa2200205   4500</leader>
  <controlfield tag="001">0000050592</controlfield>
  <controlfield tag="005">20120911090000.0</controlfield>
  <controlfield tag="008">120423s2011                             eng  </controlfield>
  <datafield tag="020" ind1="0" ind2="0">
   <subfield code="a">0957755406 </subfield>
  </datafield>
  <datafield tag="082" ind1=" " ind2=" ">
   <subfield code="a">570 LEC 2011</subfield>
  </datafield>
  <datafield tag="090" ind1="0" ind2="0">
   <subfield code="a">QH308.2 </subfield>
   <subfield code="b">LEC 2011</subfield>
  </datafield>
  <datafield tag="100" ind1="1" ind2="0">
   <subfield code="a">Lecornu </subfield>
  </datafield>
  <datafield tag="245" ind1="1" ind2="0">
   <subfield code="a">Biology : </subfield>
   <subfield code="b">levels of life  </subfield>
   <subfield code="c">Brian LeCornu and Tony Diercks.</subfield>
  </datafield>
  <datafield tag="250" ind1="0" ind2="0">
   <subfield code="a">3rd ed.</subfield>
  </datafield>
  <datafield tag="260" ind1="0" ind2="0">
   <subfield code="a">Adelaide: </subfield>
   <subfield code="b">Briton Books, </subfield>
   <subfield code="c">2011.</subfield>
  </datafield>
  <datafield tag="300" ind1=" " ind2=" ">
   <subfield code="a">vi, 202p.: </subfield>
   <subfield code="b">ill.; </subfield>
   <subfield code="c">28 cm.</subfield>
  </datafield>
  <datafield tag="500" ind1="0" ind2="0">
   <subfield code="a">This edition of &quot;Biology : levels of life&quot; has been produced to include all of the minor changes to the biology curriculum statement that took effect from the start of 2002. Many of the changes to the content of the course were already covered in the original edition of &quot;Biology : levels of life&quot;. Page numbers have been conserved to ensure ease of use for classes with both editions&quot;</subfield>
  </datafield>
  <datafield tag="650" ind1="0" ind2="0">
   <subfield code="a">Biology </subfield>
  </datafield>
  <datafield tag="700" ind1="1" ind2="1">
   <subfield code="a">Diercks, </subfield>
   <subfield code="h">Tony </subfield>
  </datafield>
  <datafield tag="901" ind1=" " ind2=" ">
   <subfield code="u">http://www.adelaidetuition.com.au</subfield>
  </datafield>
 </record>
</collection>
